LEADER 01754oam 2200505zu 450 001 9910830901703321 005 20210807004636.0 010 $a1-118-66967-3 035 $a(CKB)3450000000004164 035 $a(SSID)ssj0001034012 035 $a(PQKBManifestationID)11587955 035 $a(PQKBTitleCode)TC0001034012 035 $a(PQKBWorkID)11006194 035 $a(PQKB)11011838 035 $a(NjHacI)993450000000004164 035 $a(PPN)189484179 035 $a(EXLCZ)993450000000004164 100 $a20160829d2013 uy 101 0 $aeng 135 $aur||||||||||| 181 $ctxt 182 $cc 183 $acr 200 10$aPorphyry Copper Deposits in the American Southwest: Tucson to Globe-Miami, Arizona July19 - 23 1989 210 31$a[Place of publication not identified]$cAmerican Geophysical Union$d2013 215 $a1 online resource (v, 26 pages) $cillustrations 225 1 $aField trip guidebook (International Geological Congress (28th : 1989 : Washington, D.C.)) ;$vT338 300 $aBibliographic Level Mode of Issuance: Monograph 311 $a0-87590-556-0 410 0$aField trip guidebook (International Geological Congress (28th : 1989 : Washington, D.C.)) ;$vT338. 606 $aCopper ores $zArizona 606 $aPorphyry 606 $aPorphyry $zArizona 615 0$aCopper ores 615 0$aPorphyry. 615 0$aPorphyry 676 $a342.791023 700 $aTitley$b Spencer R$0961864 702 $aAnthony$b Elizabeth Y 702 $aAnzalone$b S. A 801 0$bPQKB 906 $aBOOK 912 $a9910830901703321 996 $aPorphyry Copper Deposits in the American Southwest: Tucson to Globe-Miami, Arizona July19 - 23 1989$92180684 997 $aUNINA LEADER 04203nam 2200433 450 001 9910830410303321 005 20231006123635.0 010 $a3-527-69924-4 035 $a(CKB)3710000000492893 035 $a(NjHacI)993710000000492893 035 $a(EXLCZ)993710000000492893 100 $a20231006d2008 uy 0 101 0 $aeng 135 $aur||||||||||| 181 $ctxt$2rdacontent 182 $cc$2rdamedia 183 $acr$2rdacarrier 200 00$aHandbook of Optical Systems$hVolume 4$iSurvey of Optical Instruments /$feditors, Herbert Gross, Fritz Blechinger, Bertram Achtner 210 1$aHoboken :$cJohn Wiley & Sons, Inc.,$d2008. 215 $a1 online resource (xxviii, 1064 pages) 300 $aIncludes index. 311 $a3-527-40380-9 327 $aPreface XIX Introduction XXI 46 Interferometry 1 46.1 Introduction 3 46.2 Basic Principles of Interference 4 46.3 Interferometers 44 46.4 Interferometer Designs 81 46.5 Detection Techniques and Algorithms 95 46.6 Calibration Techniques 120 46.7 Dynamic Range 140 46.8 Accuracy and Error Sources 148 46.9 Literature 175 47 Non-interferometric Wavefront Sensing 181 47.1 Introduction 183 47.2 Hartmann Shack Sensor 183 47.3 Hartmann Sensor 208 47.4 Phase Space Analyzer 219 47.5 Point Image Filtering Techniques 230 47.6 Other Wavefront Sensor Concepts 239 47.7 Point Spread Function Retrieval 249 47.8 Calculation of Wavefront and Zernike Coefficients 283 47.9 Literature 297 48 Radiometry 303 48.1 Introduction 304 48.2 Basic Principles of Radiometry 305 48.3 Monochromators 341 48.4 Spectrometers 402 48.5 Literature 427 49 Image Analysis 431 49.1 Introduction 432 49.2 Basic Principles of Image Analysis 432 49.3 Star Test, Slit Test 436 49.4 Test Targets, Visual Inspection 450 49.5 Distortion Metrology 452 49.6 Deflectometers 464 49.7 Pattern and Fringe Projectors 471 49.8 Literature 485 50 Distance and Angle Metrology 489 50.1 Introduction 490 50.2 Long-range Displacement Metrology 490 50.3 Short-range Displacement and Thickness Metrology 515 50.4 Angle and Tilt Metrology 524 50.5 Combined Distance and Angle Metrology 540 50.6 Optical Profile Metrology 548 50.7 Literature 555 51 Polarimetry 559 51.1 Introduction 560 51.2 Basic principles of Polarimetry 561 51.3 Polarizing Elements 572 51.4 Polarimeters 597 51.5 Calibration Techniques 633 51.6 Accuracy and Error Sources 635 51.7 Literature 641 52 Testing the Quality of Optical Materials 643 52.1 Specifications 644 52.2 Refractive Index 644 52.3 Transmittance 651 52.4 Inhomogeneity and Striae 655 52.5 Birefringence 664 52.6 Bubbles and Inclusions 673 52.7 Literature 677 53 Testing the Geometry of Optical Components 679 53.1 Specifications 680 53.2 Radius of Curvature 681 53.3 Central Thickness 689 53.4 Surface Form and Figure Irrigularities 694 53.5 Centering 760 53.6 Diameter and Chamfer 776 53.7 Literature 779 54 Testing Texture and Imperfections of Optical Surfaces 785 54.1 Specifications 786 54.2 Surface Texture 786 54.3 Surface Imperfections 823 54.4 Literature 836 55 Testing the Quality of Coatings 839 55.1 Introduction 840 55.2 Specifications 844 55.3 Model Simulation 847 55.4 Coating Metrology 858 55.5 Literature 878 56 System Testing 881 56.1 Introduction 883 56.2 Basic Parameters of Optical Systems 887 56.3 Measurement of Image Quality 912 56.4 Measurement of the Transfer Function 930 56.5 Miscellaneous System Properties 945 56.6 Literature 960 Index. 330 $aOptical systems have a wide range of technical applications (e.g. viewing devices, lens systems) and uses in industrial manufacturing. And while the design of optical systems requires a high level of expertise, there is, to date, no resource available, which allows beginners to learn optical design. 517 $aHandbook of Optical Systems 606 $aOptical instruments 606 $aOptics 615 0$aOptical instruments. 615 0$aOptics. 676 $a681.4 702 $aGross$b Herbert$f1955- 702 $aBlechinger$b Fritz 702 $aAchtner$b Bertram 801 0$bNjHacI 801 1$bNjHacl 906 $aBOOK 912 $a9910830410303321 996 $aHandbook of Optical Systems$93916316 997 $aUNINA LEADER 01489nam0 22003373i 450 001 TO01599573 005 20251003044412.0 010 $bNR. STD formalmente errato$z8821724718 100 $a20080222d2007 ||||0itac50 ba 101 | $aita 102 $ait 181 1$6z01$ai $bxxxe 182 1$6z01$an 200 1 $aGuida pratica alla direzione delle PMI$evisione globale e gestione operativa delle piccole e medie imprese$fa cura di CEDEC Centro europeo di evoluzione economica 210 $a[Milanofiori Assago]$cIPSOA$d[2007] 215 $aXVIII, 1048 p.$d24 cm. 606 $aPiccole imprese$xGestione$2FIR$3CFIC003397$9E 606 $aMedie imprese$xGestione$2FIR$3CFIC073114$9I 676 $a658.02$9GESTIONE GENERALE. PICCOLE IMPRESE$v14 676 $a658.022$9GESTIONE DI PICCOLE IMPRESE$v21 676 $a658.022$9GESTIONE DI PICCOLE IMPRESE$v22 712 02$aCentro de estudos de cultura contemporanea$3IEIV075393 791 02$aCEDEC$3IEIV075400$zCentro de estudos de cultura contemporanea 801 3$aIT$bIT-000000$c20080222 850 $aIT-BN0095 901 $bNAP 01$cRCOST $nMateriale bibliografico trasferito come da verbale del 15/07/2009 912 $aTO01599573 950 0$aBiblioteca Centralizzata di Ateneo$b1 v.$d 01RCOST 658.02 GUIPAD$e 0102 0000080075 VMA 1 v.$fY $h20091210$i20091210 977 $a 01 996 $aGuida pratica alla direzione delle PMI$91575259 997 $aUNISANNIO